00614nam a2200217Ia 4500008004100000020001800041050001500059050001800074100002000092245003800112245001300150245003000163260001700193260002600210260000900236300001600245300002000261300001100281650004500292650005900337160418s9999 xx 000 0 und d a971-574-082-0 aFIL 793.31 b.T85 2004 c.3 aTulio, Doris D. aFundamental rhythmic activities : bP.E. 2 / cDoris D. Tulio… [et al] aQuezon City: bKatha Pub. Co., Inc., c2004 a163 pages : billustrations ; c26 cm. aPhysical education for college students. xPhysical education and training -- Study and teaching.